Final report of the Land Surveyors' (Examinations) Sub-Committee, on the revision of the syllabus for sub-division V (land survey) (Record no. 114831)

MARC details
000 -LEADER
fixed length control field 00643cam a22001815a 4500
001 - CONTROL NUMBER
control field L157549
008 - FIXED-LENGTH DATA ELEMENTS--GENERAL INFORMATION
fixed length control field 130115e19521009xxk f 000 0 eng d
035 ## - SYSTEM CONTROL NUMBER
System control number (Sirsi) u157549
041 0# - LANGUAGE CODE
Language code of text/sound track or separate title eng
110 2# - MAIN ENTRY--CORPORATE NAME
Corporate name or jurisdiction name as entry element Royal Institution of Chartered Surveyors
9 (RLIN) 4900
245 00 - TITLE STATEMENT
Title Final report of the Land Surveyors' (Examinations) Sub-Committee, on the revision of the syllabus for sub-division V (land survey)
260 ## - PUBLICATION, DISTRIBUTION, ETC.
Place of publication, distribution, etc. London
Name of publisher, distributor, etc. RICS
Date of publication, distribution, etc. 1952
300 ## - PHYSICAL DESCRIPTION
Extent 30 p.
Dimensions 22 cm.
520 ## - SUMMARY, ETC.
Summary, etc. Sets out the revisions to the syllabus of the Land Surveyors' examination.
651 #4 - SUBJECT ADDED ENTRY--GEOGRAPHIC NAME
Geographic name Great Britain
Chronological subdivision 1707-
690 ## - LOCAL SUBJECT ADDED ENTRY--TOPICAL TERM (OCLC, RLIN)
Topical term or geographic name as entry element Business and management
942 ## - ADDED ENTRY ELEMENTS (KOHA)
Suppress in OPAC 0
Holdings
Withdrawn status Lost status Source of classification or shelving scheme Damaged status Not for loan Home library Current library Shelving location Date acquired Total Checkouts Full call number Barcode Date last seen Copy number Price effective from Koha item type
    Dewey Decimal Classification     Historic collection Historic collection RICS Boxes 15/01/2013   RICS 1952/4 30078067 06/08/2019 1 06/08/2019 Archive